Islands of New Zealand Map - Statistics

General Stats
  • This quiz has been taken 207 times
  • The average score is 9 of 40
Answers on the Map
Answers color-coded by a green-red scale on the quiz's map according to % correct below.
 
Answer Stats
Island % Correct
North Island / Te Ika-a-Māui
98%
South Island / Te Waipounamu
98%
Chatham Island / Wharekauri / Rekohu
51%
Stewart Island / Rakiura
47%
Auckland Island / Mauka Huka
38%
Waiheke Island
31%
Great Island
29%
Great Barrier Island / Aotea
28%
Rangitoto Island / Ngā Rangi-i-totongia-a Tama-te-kapua
25%
Little Barrier Island / Te Hauturu-o-Toi
24%
Kapiti Island
23%
Campbell Island / Motu Ihupuku
21%
D'Urville Island / Rangitoto ki te Tonga
20%
Motutapu Island
20%
Antipodes Island
17%
Kawau Island
17%
Matakana Island
17%
Resolution Island / Tau Moana
17%
Arapaoa Island
15%
Pitt Island / Rangiauria / Rangiaotea
15%
Ponui Island / Chamberlin's Island
15%
Codfish Island / Whenua Hou
14%
Great Mercury Island / Ahuahu
14%
Mayor Island / Tuhua
14%
Adams Island
13%
Anchor Island (Kakapo Island) / Pukenui
12%
Long Island
12%
Motiti Island
12%
Ruapuke Island
12%
Secretary Island / Ka Tū-waewae-o-Tū
12%
Chalky Island
11%
Coal Island / Te Puka Hereka
11%
Cooper Island
11%
Forsyth Island / Te Paruparu
11%
Raoul Island (Sunday Island) / Rangitahua
11%
Kaikoura Island (Selwyn Island) / Motu Kaikoura
10%
Big South Cape Island / Taukihepa
9%
Pearl Island
8%
Rurima Island
7%
Taranga Island
6%
No matching quizzes found
Score Distribution
Percent of People with Each Score
Percentile by Number Answered
Your Score History
You have not taken this quiz